| 000 | 00966cam a2200241 4500 | ||
|---|---|---|---|
| 001 | L129421 | ||
| 008 | 050414n2003 000 0 eng u | ||
| 020 | _a1860816401 | ||
| 035 | _a(Sirsi) u129421 | ||
| 041 | _aeng | ||
| 050 |
_a333.72 _c18 |
||
| 100 | _aYates, Alan | ||
| 245 |
_aSustainable buildings _bbenefits for occupiers |
||
| 260 |
_aWatford _bBRE _c2003 |
||
| 300 |
_a8p. _c30cm. |
||
| 350 | _a12 | ||
| 490 |
_aBRE Information Paper _vIP13/03 Part 1 |
||
| 520 | _aThis Information paper results from a study of the business benefits of sustainable practices in the construction and property sectors. It is the first of a set of four that explore this theme. The other three focus on the design team, investors and developers, and consructors. | ||
| 690 | _aPROPERTY-PROPERTY DEVELOPMENT-SUSTAINABLE PROPERTY DEVELOPMENT | ||
| 710 | _aBuilding Research Establishment | ||
| 710 |
_aUnited Kingdom _bDepartment of Trade and Industry |
||
| 942 | _n0 | ||
| 999 |
_c104186 _d104186 |
||